| 000 | 00759nam a22002177a 4500 | ||
|---|---|---|---|
| 999 |
_c20500 _d20500 |
||
| 003 | AR-CdUCM | ||
| 008 | 190530b ||||| |||| 00| 0 spa d | ||
| 040 |
_aMUNICIPALIDAD PROVINCIAL DEL CUSCO _cBIBLIOTECA MUNICIPAL DEL CUSCO |
||
| 041 | _hita | ||
| 082 |
_a869.96 / _bP16 |
||
| 245 | _aPáginas de la hazaña / | ||
| 260 |
_aLa Habana : _bArte y literatura, _c1977. |
||
| 300 |
_a281 páginas ; _c19 cm. |
||
| 500 | _a[libro reempastado] | ||
| 505 | _aContenido: En una noche pasible -- Tango -- Una noche, un día... | ||
| 650 |
_aCuentos cubanos _911532 |
||
| 650 |
_aRelatos cubanos _942849 |
||
| 700 |
_aRamos Machado, Carlos (traducción), Marti,Rubén (edición) y Granados, Godofredo (cubierta) _942850 |
||
| 942 |
_2ddc _cLIBROS |
||
| 945 | _aAndy | ||